Zodpovednosť manažéra pôsobiaceho v subjektoch finančného trhu

Dôležité rozhodnutia, odohrávajúce sa na finančnom trhu, za ktoré nesú zodpovednosť manažéri. Tieto rozhodnutia sú vo všeobecnosti strategické a zároveň ovplyvnia celý finančný trh a jeho súčasti.

Salvato in:
Dettagli Bibliografici
Autore principale: Zatrochová, Monika
Natura: Capitolo di libro
Lingua:slovacco
Soggetti:
Tags: Aggiungi Tag
Nessun Tag, puoi essere il primo ad aggiungerne!!

MARC

LEADER 00000nla a2200000 4500
001 0165064
005 20221103131506.6
041 0 |a slo 
044 |a SK 
245 1 0 |a Zodpovednosť manažéra pôsobiaceho v subjektoch finančného trhu  |c Monika Zatrochová 
520 |a Dôležité rozhodnutia, odohrávajúce sa na finančnom trhu, za ktoré nesú zodpovednosť manažéri. Tieto rozhodnutia sú vo všeobecnosti strategické a zároveň ovplyvnia celý finančný trh a jeho súčasti. 
610 2 0 |a manažéri 
610 2 0 |a rozhodovanie manažérske 
610 2 0 |a rozhodovanie strategické 
610 2 0 |a technika riadenia 
610 2 0 |a zodpovednosť osobná 
610 2 0 |a trh finančný 
100 1 |a Zatrochová, Monika